Statistiques concernant Gares de la Sarthe

Cliquez ici pour prendre le quiz!

Statistiques générales

  • Ce quiz a été pris 96 fois
  • Le résultat moyen est 11 sur 29

Statistiques - réponses

Nombre de voyageursGares% Correct
4 916 622Le Mans
99%
555 714Sablé sur Sarthe
80%
286 134La Ferté Bernard
67%
109 312Ecommoy
57%
158 737Connerré - Beillé
55%
134 033La Suze
46%
102 463Sillé le Guillaume
46%
20 618Champagné
45%
159 432Château du Loir
43%
42 605Montfort le Gesnois
39%
14 550Arnage
38%
68 836Conlie
38%
10 393Saint Mars la Brière
36%
49 243Vivoin - Beaumont
36%
13 210Domfront
30%
7 644Sceaux - Boessé
29%
25 628Voivres
28%
36 665Mayet
26%
73 388Noyen
26%
30 191La Guierche
23%
2 902Rouessé Vassé
23%
2 138Crissé
22%
35 995Montbizot
22%
7 417Vaas
22%
7 929Neuville sur Sarthe
19%
45 629Laigné - Saint Gervais
17%
14 966La Hutte - Coulombiers
16%
5 928Teillé
14%
13 647Aubigné Racan
13%

Distribution des résultats

Percentile par nombre de réponses

% des personnes avec chaque résultat

Votre développement - résultats

Vous n’avez pas pris ce quiz